000 01052nam a2200265Ia 4500
003 OSt
005 20221005105156.0
006 a|||||r|||| 00| 0
007 ta
008 221004b |||||||| |||| 00| 0 hin d
020 _a9788179751879 (hbk)
_c1500
024 _a16597
037 _b493, 25/03/2015, Swaraj Prakashan
_cTextual
040 _aCRL
_cCRL
_bhin
041 _2hin
_ahin
082 _a4xN06, 152P8.1-.2
100 _aवाजपेयी, नंददुलारे
245 0 _aनवजागरणकालीन पत्रकारिता और भारत
246 _aNavajāgaraṇakālīn patrakāritā aur bhārata
260 _aनई दिल्ली
_bअनामिका पब्लिशर्स भारत
_c2008
490 _vभाग 1
650 _aहिन्दी पत्रकारिता
942 _h4xN06, 152P8.1-.2
_cTEXL
_2cc
999 _c1015009
_d1015009